| 000 | 00759nam a2200277Ia 4500 | ||
|---|---|---|---|
| 008 | 170711s9999 xx 000 0 und d | ||
| 020 | _a9781259071317 | ||
| 050 | _a658.4 | ||
| 050 | _bG172 2011 | ||
| 100 | _aGallo, Carmine | ||
| 245 | 4 | _aThe innovation secrets of Steve Jobs : | |
| 245 | _binsanely different principles for breakthrough success / | ||
| 245 | _cby Carmine Gallo. | ||
| 260 | _aPhilippines : | ||
| 260 | _bMcGraw Hill, | ||
| 260 | _c2013 | ||
| 300 | _axiii, 241 pages : | ||
| 300 | _billustrations ; | ||
| 300 | _c23cm. | ||
| 500 | _aIncludes notes and index. | ||
| 650 | _aCreative thinking. | ||
| 650 | _aNew products. | ||
| 650 | _aSuccess in business. | ||
| 650 | _aTechnological innovations. | ||
| 700 | _aTitle. | ||
| 999 |
_c339609 _d339609 |
||